| 000 | 00745nam a2200229 a 4500 | ||
|---|---|---|---|
| 001 | 46216 | ||
| 003 | BD-RjUL | ||
| 005 | 20211209054125.0 | ||
| 008 | 010816s1963 cc 00000 eng d | ||
| 035 | _a(BD-RjUL)46334 | ||
| 035 | _a2501649 | ||
| 040 |
_aNUN _cNUN _beng _dBD-RjUL |
||
| 041 | _aeng | ||
| 082 |
_a355.825119 _bPEO 1963 |
||
| 245 | 0 | 0 | _aPeople of the world, unite, for the complete, thorough, total and resolute prohibition and destruction of nuclear weapons! / |
| 260 |
_aPeking : _bForeign Languages Press, _c1963. |
||
| 300 |
_a207 p. ; _c20 cm. |
||
| 650 | 0 |
_aNuclear disarmament _9141182 |
|
| 650 | 0 |
_aChina _vForeign relations _y1949 _9141183 |
|
| 710 | 2 |
_aWai wen ch'u pan she (Peking, China) _9141184 |
|
| 942 |
_2ddc _cBK |
||
| 999 |
_c46216 _d46216 |
||